Kommunen im Kreis Euskirchen - Statistiken

Allgemein
  • Dieses Quiz wurde 31 mal gespielt
  • Das Durchschnittsergebnis liegt bei 9 aus 11
Antwortstatistiken
Einwohnerzahl Kommune % Korrekt
60.021 Euskirchen
100%
29.187 Mechernich
100%
18.297 Bad Münstereifel
94%
8.902 Nettersheim
89%
21.780 Zülpich
89%
7.834 Hellenthal
83%
13.578 Schleiden
83%
18.980 Weilerswist
83%
8.434 Blankenheim
78%
11.180 Kall
78%
4.416 Dahlem
67%
Keine übereinstimmenden Quizze gefunden
Verteilung der Resultate
Anzahl Personen mit jedem Resultat
Perzentil nach korrekt beantworteten Fragen
Ihre Resultats-Entwicklung
Sie haben dieses Quiz noch nicht gespielt